01432cam a22003614i 4500003000900000005001700009008004100026020001500067035002700082040003300109082001800142100003600160245008900196264005100285300003800336336002100374337002500395338002300420504002800443505048400471526001000955526001000965526001000975526001000985526000800995526000801003526000801011526000801019526000801027526000801035526000801043650001901051PE-LiUPU20250731172943.0150623s r 000 0 d a0310449111 a(Sirsi) i9780310449119 aPE-LiUPUbspacPE-LiUPUerda04a239bS77R2211 aSproul, Robert Charles,eautor.10aReason to believe :ba response to common objections to Christianity /cR.C. Sproul. 1aMichigan :bZondervan Publishing House,c1982. a159 páginas ;c20 centímetros atext2rdacontent aunmediated2rdamedia avolume2rdacarrier aIncluye bibliografía.0 aA personal pilgrimage. -"The Bible contradicts itself. It's just a fairy tale." -"All religions are Good. It Doesn't matter what you believe.". -"What about the poor native who never heard of Christ?". -"Christianity is a crutch for weak people." -"The church is full of hypocrites." -"I Don't need religion.". -"There is no God!". -"If there is a God why is there so much evil in the world?". -"Why Does God allow suffering?". -"When you're dead you're dead! There is no more!". aSEG42 aSEG41 aSEG40 aSEG39 aP94 aP87 aP86 aP85 aP77 aP76 aP3504aApologética.